Quiz di cultura generale #13 - Statistics

Statistiche generali
  • Questo quiz è stato fatto 1.671 volte
  • Il punteggio medio è 13 su 20
Statistiche sulle risposte
DOMANDA RISPOSTA % Corretto
Quale alfabeto ha le lettere: epsilon, omega e beta? Greco
99%
Quale mago è legato alle vicende di re Artù? Merlino
94%
Quale stato ha come capitale Buenos Aires? Argentina
92%
Qual è il pianeta più grande del Sistema Solare? Giove
91%
9 per 99? 891
87%
Quale nazione ha ospitato i mondiali del 2022? Qatar
80%
Quale isola era il fulcro della civiltà minoica? Creta
76%
Chi è l'antagonista nel film "Il Re Leone"? Scar
69%
Qual è la più piccola specie di uccello? Colibrì
67%
Tra le sue hit abbiamo Uptown-funk e 24k magic Bruno Mars/Mars
65%
Il suo simbolo è F Fluoro
58%
La borsa tedesca ha sede in questa città Francoforte
58%
Quale arte marziale brasiliana è una danza combattiva? Capoeira
54%
Quale città è più vicina all'isola di Alcatraz? San Francisco
52%
In quale nazione possiamo trovare le sorgenti dei fiumi Tigri ed Eufrate? Turchia
52%
Qual è la regione più grande della Germania? Baviera
47%
In quale città è apparsa la Madonna a tre pastorelli portoghesi? Fatima
43%
Quale persona ha ispirato il personaggio di Dracula? Vlad
37%
Quale nazione era conosciuta come Zaire? R.D. del Congo/Congo
32%
Quale azienda ha prodotto il sistema operativo Android? Google
28%
Nessun quiz corrispondente trovato
Distribuzione punteggi
Percentuale di utenti per punteggio
Percentile per numero di risposta
I tuoi punteggi nel tempo
Non hai fatto questo quiz